Vista normal
Vista MARC
Entrada Personal Name
Número de registros utilizados en: 1
001 - CONTROL NUMBER
- control field: 6458
003 - CONTROL NUMBER IDENTIFIER
- control field: OSt
005 - DATE AND TIME OF LATEST TRANSACTION
- control field: 20180716124717.0
008 - FIXED-LENGTH DATA ELEMENTS
- fixed length control field: 930203 a|ac|n|aab||||||||||||a |n||||||
010 ## - LIBRARY OF CONGRESS CONTROL NUMBER
- LC control number: 93010230
040 ## - CATALOGING SOURCE
- Original cataloging agency: DLC
- Language of cataloging: spa
- Description conventions: rda
- Transcribing agency: Mx-PuUPA
- Modifying agency: Mx-PuUPA
046 ## - SPECIAL CODED DATES
- Birth date: 1533
- Death date: 1582
100 1# - HEADING--PERSONAL NAME
- Personal name: Valadés, Diego,
- Titles and other words associated with a name: Fray,
- Dates associated with a name: 1533-1582,
370 ## - ASSOCIATED PLACE
- Place of birth: Tlaxcala
374 ## - OCCUPATION
- Occupation: Misionero franciscano,
- Occupation: Historiador,
- Occupation: Lingüista
375 ## - GENDER
- Gender: hombre
377 ## - ASSOCIATED LANGUAGE
- Language code: lat
400 1# - SEE FROM TRACING--PERSONAL NAME
- Personal name: Valadés, Diego de,
- Titles and other words associated with a name: 1533-1582
670 ## - SOURCE DATA FOUND
- Source citation: Rétorica cristiana, 2003:
- Information found: t.p. (Fray Diego Valadés) p. viii, etc. (b. Tlaxcala, Mex., 1533; Franciscan friar; lived past 1582)
670 ## - SOURCE DATA FOUND
- Source citation: Wikipedia, 25 enero 2018 :
- Information found: Diego de Valadés (Fray Diego Valadés (Tlaxcala, 1533 - 1582) fue un misionero franciscano, historiador y lingüista políglota en Nueva España, que desempeñó además los oficios de dibujante y grabador. Su obra más importante es Rhetorica christiana, obra de teología escrita en latín y publicada en 1579 y fue el primer nacido en suelo mexicano en publicar un libro en Europa) :
- Uniform Resource Identifier: https://es.wikipedia.org/wiki/Diego_de_Valad%C3%A9s
670 ## - SOURCE DATA FOUND
- Source citation: Biblioteca del Congreso (Estados Unidos), 25 enero 2017:
- Information found: catálogo electrónico:
- Uniform Resource Identifier: https://goo.gl/rtSnnN